Datum a čas kvízu
25
Celkem bodů
Celkový počet nahraných bodů na tomto kvízu bez doplňovacích otázek.
14.
Pořadí na kvízu
Konečné umístění týmu na tomto kvízu.
Zaznamenané odpovědi
| # | Otázka | Odpověď | Body | Výsledky |
|---|---|---|---|---|
| 1. | Prezidentská kancelář zveřejni... | špatná akustika | 0 | |
| 2. | Posádka tureckých nízkonáklado... | Britové | 0 | |
| 3. | Fanoušci seriálu Simpsonovi sm... | Larry | 0 | |
| 4. | Minulý týden jsme se dozvěděli... | Datart | 1 | |
| 5. | Který český hokejista v úterý... | Jakub Voráček | 1 | |
| 6. | Sugo all'amatriciana patří mez... | guanciale; pecorino | 1 | |
| 7. | Napište zakrytou značku zobraz... | Kikkoman | 1 | |
| 8. | Když se řekne omáčka, určitě s... | 15 | 1 | |
| 9. | Město Worcester dalo jméno jed... | C; čertovo lejno | 1 | |
| 10. | Jak se označuje tato omáčka (z... | holandská omáčka; vejce Benedikt | 1 |